000 00694nam a2200181Ia 4500
008 151018s9999 xx 000 0 und d
082 _bRBASDV6900
_a891.463
100 _aएस एन काशीकर
245 _aएक रुपयाच्या नोटेचे रहस्य
250 _b1
260 _bभारतीय प्रकाशन संस्था
_c1969
300 _a120
600 _aएस एन काशीकर
630 _aएक रुपयाच्या नोटेचे रहस्य
700 _aएस एन काशीकर
730 _aएक रुपयाच्या नोटेचे रहस्य
942 _cBOOK
999 _c1009269
_d1009266